000 00423cam a22001337a 4500
008 180718b1997 xxu||||| |||| 00| 0 eng d
082 _aA81x54 91/13/PT4B/3
100 _aCensus of India 1991
245 _aMadhya Pradesh: religion
260 _aDelhi
_bThe Controller of Publications
_c1997
300 _a260+p.
440 _aCensus of India 1991. Series-13, Madhya Pradesh. Part-IV B (iii)
500 _aContents: Table C-9
999 _c482234
_d482234